[Event "Robecchetto op-B 26th"]
[Site "Robecchetto"]
[Date "2015.07.25"]
[Round "2"]
[White "Ginosa, Romano Pierluigi"]
[Black "Mantovan, Giuseppe"]
[Result "1/2-1/2"]
[WhiteElo "1622"]
[BlackElo "1784"]
[PlyCount "159"]
[EventDate "2015.07.24"]
[EventType "swiss"]
[EventRounds "5"]
[EventCountry "ITA"]
[SourceTitle "EXT 2023"]
[Source "ChessBase"]
[SourceDate "2022.10.05"]
[SourceVersion "1"]
[SourceVersionDate "2022.10.05"]
[SourceQuality "1"]

1. e4 e6 2. d3 d5 3. Nd2 Nf6 4. e5 Nfd7 5. d4 c5 6. c3 Nc6 7. Ngf3 Qb6 8. Nb3 f6 9. dxc5 Bxc5 10. Nxc5 Qxc5 11. Be3 Qe7 12. exf6 Nxf6 13. Bb5 Bd7 14. 0-0 0-0 15. Bxc6 bxc6 16. b4 Ne4 17. Bd4 Rf5 18. Ne5 c5 19. bxc5 Bb5 20. Re1 Raf8 21. f3 Nxc5 22. Kh1 Nd7 23. Rb1 Nxe5 24. Bxe5 a6 25. a4 Bc4 26. Qd4 h5 27. Rb6 Qf7 28. Bg3 Re8 29. h3 Qg6 30. Qf2 Qf7 31. Rc6 e5 32. Qc5 Qe7 33. Qxe7 Rxe7 34. Rc8+ Kh7 35. Kg1 Kg6 36. Rb8 Kg5 37. f4+ Kf6 38. Bh4+ g5 39. Bxg5+ Rxg5 40. fxg5+ Kxg5 41. Re3 e4 42. g3 Rg7 43. a5 h4 44. g4 Kf4 45. Re1 Re7 46. Rf8+ Ke5 47. Rf5+ Kd6 48. Rh5 Rf7 49. Rxh4 Rf3 50. Rh6+ Ke5 51. Rh5+ Ke6 52. Rh6+ Ke5 53. Rc1 e3 54. Re1 e2 55. Rh5+ Ke4 56. Rf5 Rxh3 57. Kg2 Rxc3 58. Rf8 d4 59. Kf2 d3 60. Re8+ Kf4 61. Rf8+ Kg5 62. Rd8 Ra3 63. Rc1 Ra4 64. Ke3 Rxa5 65. Rxd3 Bxd3 66. Kxd3 Kxg4 67. Kxe2 Rd5 68. Ke3 Kf5 69. Rc8 a5 70. Ra8 Ke5 71. Re8+ Kf6 72. Ra8 Ke7 73. Ke4 Rb5 74. Kd4 Kd7 75. Ra6 Kc7 76. Kc4 Rh5 77. Kb3 Kb7 78. Rd6 Rh4 79. Ka3 Rb4 80. Re6 1/2-1/2

[Event "Robecchetto op-B 26th"]
[Site "Robecchetto"]
[Date "2015.07.25"]
[Round "3"]
[White "Moroni, Luca"]
[Black "Ginosa, Romano Pierluigi"]
[Result "1-0"]
[WhiteElo "1821"]
[BlackElo "1622"]
[PlyCount "87"]
[EventDate "2015.07.24"]
[EventType "swiss"]
[EventRounds "5"]
[EventCountry "ITA"]
[SourceTitle "EXT 2023"]
[Source "ChessBase"]
[SourceDate "2022.10.05"]
[SourceVersion "1"]
[SourceVersionDate "2022.10.05"]
[SourceQuality "1"]

1. d4 d5 2. Bf4 Nf6 3. Nf3 e6 4. Nc3 Nbd7 5. e3 a6 6. Be2 c5 7. h3 Be7 8. a4 b6 9. Ne5 Bb7 10. 0-0 0-0 11. Bf3 Ne4 12. Be2 f5 13. Nxe4 dxe4 14. Nxd7 Qxd7 15. dxc5 Qxd1 16. Raxd1 Bxc5 17. Bd6 Rfc8 18. Bc4 Bd5 19. Bxd5 exd5 20. Rxd5 Bxd6 21. Rxd6 Rab8 22. c3 Rc4 23. Rd4 Rbc8 24. Rfd1 g6 25. Kf1 b5 26. axb5 axb5 27. Rd8+ Rxd8 28. Rxd8+ Kg7 29. Rd5 b4 30. Rd4 Rxd4 31. cxd4 Kf6 32. Ke2 Ke6 33. Kd2 Kd5 34. Kc2 Kc4 35. Kd2 g5 36. g3 g4 37. h4 h5 38. Kc2 b3+ 39. Kd2 Kb4 40. d5 Kc5 41. d6 Kxd6 42. Kc3 Kc5 43. Kxb3 Kb5 44. Kc3 1-0